| 000 | 00677nam a22002177a 4500 | ||
|---|---|---|---|
| 999 |
_c3208 _d3208 |
||
| 001 | 12354 | ||
| 003 | BD-DhUAP | ||
| 005 | 20200302160441.0 | ||
| 008 | 200302s2003 fr a|||| b||| 001 0 eng d | ||
| 020 | _a9782080111593 | ||
| 040 |
_aBD-DhUAP _bEng _cBD-DhUAP _dBD-DhUAP |
||
| 082 |
_223 _a709.031 LIT |
||
| 245 |
_aThe little book of Michelangelo / _cHélène Sueur...[et al.]. |
||
| 260 |
_aParis : _bFlammarion, _cc2003. |
||
| 300 |
_a120 pages : _billustrations ; _c22 cm. |
||
| 504 | _aInclude bibliographical references and index. | ||
| 600 |
_aMichelangelo Buonarroti, _d1475-1564. |
||
| 650 |
_aArchitecture _vhistory. |
||
| 700 | _aSueur, Hélène. | ||
| 942 |
_2ddc _cBK |
||